000
00381nam a2200145Ia 4500
008
100122s9999 xx 000 0 und d
082
_b
23059
_a
823.08
100
_a
बुध्दिसागर शान्ता
245
_a
कणव
260
_b
साहित्य वसंत
_c
1976
300
_a
93
630
_a
कणव
730
_a
कणव
942
_c
BOOK
999
_c
410687
_d
410684